Forms of providing and financing long-term care in OECD countries

Zhodnotenie foriem a financovania dlhodobej zdravotnej starostlivosti a sociálnych služieb vo vybraných krajinách OECD. Použitie analytických metód ako sú analýza hlavných komponentov a TwoStep analýza vo vybraných kritériach.

Na minha lista:
Detalhes bibliográficos
Autor principal: Halásková, Renáta
Outros Autores: Bednář, Pavel, Halásková, Martina
Formato: Capítulo de Livro
Idioma:inglês
Assuntos:
Tags: Adicionar Tag
Sem tags, seja o primeiro a adicionar uma tag!

MARC

LEADER 00000naa a2200000 4500
001 0234381
005 20220805075914.2
041 0 |a eng 
044 |a CZ 
245 1 0 |a Forms of providing and financing long-term care in OECD countries  |c Renáta Halásková, Pavel Bednář, Martina Halásková 
520 |a Zhodnotenie foriem a financovania dlhodobej zdravotnej starostlivosti a sociálnych služieb vo vybraných krajinách OECD. Použitie analytických metód ako sú analýza hlavných komponentov a TwoStep analýza vo vybraných kritériach. 
610 2 0 |a starnutie populácie 
610 2 0 |a starostlivosť sociálna 
610 2 0 |a starostlivosť zdravotná 
610 2 0 |a OECD 
610 2 0 |a financovanie 
100 1 |a Halásková, Renáta 
700 1 |a Bednář, Pavel 
700 1 |a Halásková, Martina